|
|
|
|
| LEADER |
00000cam a22000004a 4500 |
| 001 |
musev2_70199 |
| 003 |
MdBmJHUP |
| 005 |
20230905051237.0 |
| 006 |
m o d |
| 007 |
cr||||||||nn|n |
| 008 |
091222s2010 ncu o 00 0 eng d |
| 020 |
|
|
|a 9780822392866
|
| 020 |
|
|
|z 9780822347217
|
| 020 |
|
|
|z 9780822347385
|
| 035 |
|
|
|a (OCoLC)1154106279
|
| 040 |
|
|
|a MdBmJHUP
|c MdBmJHUP
|
| 245 |
0 |
4 |
|a The New Cultural History of Peronism :
|b Power and Identity in Mid-Twentieth-Century Argentina /
|c Matthew B. Karush and Oscar Chamosa, eds.
|
| 264 |
|
1 |
|a Durham :
|b Duke University Press,
|c 2010.
|
| 264 |
|
3 |
|a Baltimore, Md. :
|b Project MUSE,
|c 2020
|
| 264 |
|
4 |
|c ©2010.
|
| 300 |
|
|
|a 1 online resource (318 pages):
|b illustrations
|
| 336 |
|
|
|a text
|b txt
|2 rdacontent
|
| 337 |
|
|
|a computer
|b c
|2 rdamedia
|
| 338 |
|
|
|a online resource
|b cr
|2 rdacarrier
|
| 505 |
0 |
|
|a Populism, melodrama, and the market : the mass cultural origins of Peronism / Matthew B. Karush -- Peronists and cabecitas : stereotypes and anxieties at the peak of social change / Natalia Milanesio -- The Malón de la Paz of 1946 : indigenous descamisados at the dawn of Peronism / Diana Lenton -- Criollo and Peronist : the Argentine folklore movement during the first Peronism, 1943/1955 / Oscar Chamosa --Unforgettable kitsch : images around Eva Perón / Anahi Ballent -- Working-class beauty : queens under Peronism / Mirta Zaida Lobato, María Damilakou, and Lizel Tornay -- Peronism in "good taste" : culture and consumption in the magazine Argentina / Eduardo Elena -- Political emotions and the origins of the Peronist resistance / Cesar Seveso.
|
| 520 |
|
|
|a Collection of essays on the history of the Peronist period from a cultural perspective, exploring the space where popular cultural practices, state policies, and the capitalist marketplace intersect.
|
| 546 |
|
|
|a English.
|
| 588 |
|
|
|a Description based on print version record.
|
| 600 |
1 |
7 |
|a Perón, Juan Domingo,
|d 1895-1974.
|2 fast
|0 (OCoLC)fst00019933
|
| 600 |
1 |
1 |
|a Perón, Juan Domingo,
|d 1895-1974.
|
| 600 |
1 |
0 |
|a Perón, Juan Domingo,
|d 1895-1974.
|
| 650 |
|
7 |
|a Peronismus
|v Kongressbericht.
|2 idsbb
|
| 650 |
|
7 |
|a Politics and government
|2 fast
|0 (OCoLC)fst01919741
|
| 650 |
|
7 |
|a Peronism.
|2 fast
|0 (OCoLC)fst01058303
|
| 650 |
|
7 |
|a HISTORY
|z Latin America
|z South America.
|2 bisacsh
|
| 650 |
|
6 |
|a Peronisme.
|
| 650 |
|
0 |
|a Peronism.
|
| 651 |
|
7 |
|a Argentinien
|y Geschichte 20. Jh
|v Kongressbericht.
|2 idsbb
|
| 651 |
|
7 |
|a Argentina.
|2 fast
|0 (OCoLC)fst01205614
|
| 651 |
|
6 |
|a Argentine
|x Politique et gouvernement
|y 1943-
|
| 651 |
|
0 |
|a Argentina
|x Politics and government
|y 1943-
|
| 655 |
|
7 |
|a Electronic books.
|2 local
|
| 700 |
1 |
|
|a Chamosa, Oscar.
|
| 700 |
1 |
|
|a Karush, Matthew B.
|q (Matthew Benjamin),
|d 1968-
|
| 710 |
2 |
|
|a Project Muse.
|e distributor
|
| 830 |
|
0 |
|a Book collections on Project MUSE.
|
| 856 |
4 |
0 |
|z Texto completo
|u https://projectmuse.uam.elogim.com/book/70199/
|
| 945 |
|
|
|a Project MUSE - Custom Collection
|